| 000 | 00749nam a2200205 a 4500 | ||
|---|---|---|---|
| 003 | 0 | ||
| 005 | 20250314092248.0 | ||
| 008 | 071127s19uu xx 00 eng d | ||
| 050 |
_aPGS HQ 536.I58 _b.Y19 2007 |
||
| 100 | _aYamada, Shotaro T. | ||
| 245 |
_aValues and families in intermarriages / _cShotaro T. Yamada. |
||
| 260 |
_aLas PiƱas City, Philippines : _bSouthville International School and Colleges, _c2007. |
||
| 300 |
_a35 pages : _billustrations ; _c28 cm. |
||
| 504 | _aIncludes bibliographical references. | ||
| 650 |
_aIntermarriage _vSocial aspects. |
||
| 650 |
_aFamilies _vCross-cultural studies. |
||
| 650 |
_aFamily values _vCultural differences. |
||
| 650 |
_aMarriage _vMoral and ethical aspects. |
||
| 942 |
_2lcc _cPASS |
||
| 999 |
_c97780 _d97780 |
||